| 000 | 00629nam a2200229 a 4500 | ||
|---|---|---|---|
| 005 | 20210219153008.0 | ||
| 008 | 991125n 000 0 u | ||
| 035 | _aUPN01000071913 | ||
| 100 | _aREYES, Yolanda de los | ||
| 222 | _aCOMUNICACION EDUCATIVA SEP | ||
| 245 | _aDescentralización de los servicios educativos | ||
| 300 | _a5 | ||
| 362 | _a1984 AƱo 2, no. 15, oct. | ||
| 653 | 0 | _aDESCENTRALIZACION EDUCATIVA | |
| 653 | 0 | _aEDUCACION BASICA | |
| 653 | 0 | _aEDUCACION NORMAL | |
| 653 | 0 | _aESTADISTICA EDUCATIVA | |
| 653 | 0 | _aMEXICO | |
| 653 | 0 | _aSISTEMA EDUCATIVO | |
| 904 |
_aAC _b009724 |
||
| 905 | _aArticulo | ||
| 999 |
_c65781 _d65781 |
||